Statistics for BOTW: Rupee Worth

Click here to take the quiz!

General Stats

  • This quiz has been taken 32 times
    (29 since last reset)
  • The average score is 6 of 6

Answer Stats

HintAnswer% Correct
1Green
100%
5Blue
96%
50Purple
96%
20Red
96%
100Silver
96%
300Gold
92%

Score Distribution

Percentile by Number Answered

Percent of People with Each Score

Your Score History

You have not taken this quiz since the last reset